[Event "ROM-chT Blitz"]
[Site "Sebes"]
[Date "2022.12.04"]
[Round "5.6"]
[White "Sfarlog, Tudor Vlad"]
[Black "Secheres, Adrian Simion"]
[Result "0-1"]
[WhiteElo "2283"]
[BlackElo "2365"]
[PlyCount "78"]
[EventDate "2022.12.04"]
[EventType "team-swiss (blitz)"]
[EventRounds "8"]
[EventCountry "ROU"]
[SourceTitle "CBM 211 Extra"]
[Source "ChessBase"]
[SourceDate "2023.01.31"]
[SourceVersion "1"]
[SourceVersionDate "2023.01.31"]
[SourceQuality "1"]
[WhiteTeam "Alba Iulia Unirea"]
[BlackTeam "Timisoara Vest Univ"]
[WhiteTeamCountry "ROU"]
[BlackTeamCountry "ROU"]

1. Nf3 g6 2. c4 Bg7 3. Nc3 d6 4. e4 Nf6 5. d4 0-0 6. Be2 e5 7. 0-0 exd4 8. Nxd4 Re8 9. f3 c6 10. Nc2 Na6 11. Be3 d5 12. cxd5 cxd5 13. exd5 Nb4 14. Bd4 Nbxd5 15. Bb5 Bd7 16. Bc4 Be6 17. Nxd5 Nxd5 18. Bxg7 Kxg7 19. Qd4+ Nf6 20. Bxe6 Rxe6 21. Rad1 Qxd4+ 22. Nxd4 Rb6 23. b3 Rc8 24. Kf2 h5 25. Rc1 Rd8 26. Ne2 Rd2 27. Rfd1 Rxa2 28. Ra1 Rxa1 29. Rxa1 a6 30. Nd4 Rb4 31. Rd1 Kf8 32. g3 Rb6 33. Ke3 Nd5+ 34. Kd3 Ne7 35. Kc4 Rd6 36. Re1 b5+ 37. Kc3 Nd5+ 38. Kd3 Nb4+ 39. Kc3 Rxd4 0-1

[Event "ROM-chT Rapid"]
[Site "Sebes"]
[Date "2022.12.03"]
[Round "7.15"]
[White "Itkis, Boris"]
[Black "Sfarlog, Tudor Vlad"]
[Result "1-0"]
[WhiteElo "2329"]
[BlackElo "2283"]
[PlyCount "99"]
[EventDate "2022.12.03"]
[EventType "team-swiss (rapid)"]
[EventRounds "8"]
[EventCountry "ROU"]
[SourceTitle "CBM 211 Extra"]
[Source "ChessBase"]
[SourceDate "2023.01.31"]
[SourceVersion "1"]
[SourceVersionDate "2023.01.31"]
[SourceQuality "1"]
[WhiteTeam "Techirghiol Victoria"]
[BlackTeam "Alba Iulia Unirea"]
[WhiteTeamCountry "ROU"]
[BlackTeamCountry "ROU"]

1. d4 g6 2. e4 Bg7 3. Nc3 d6 4. f4 Nf6 5. Nf3 c5 6. Bb5+ Bd7 7. e5 Ng4 8. Bxd7+ Qxd7 9. d5 dxe5 10. h3 e4 11. hxg4 exf3 12. Qxf3 Na6 13. Bd2 0-0-0 14. 0-0-0 Kb8 15. Kb1 Nc7 16. Be1 h6 17. Ne4 Qb5 18. Bc3 Bxc3 19. Nxc3 Qc4 20. Rhe1 Rd7 21. Re4 Qa6 22. Qe3 Rhd8 23. Rxe7 b6 24. Rxd7 Rxd7 25. Qe5 Qc8 26. Nb5 a6 27. Nxc7 Qxc7 28. c4 g5 29. g3 Kb7 30. d6 Qc6 31. Rd5 Rd8 32. b3 gxf4 33. gxf4 Qd7 34. Qe4 Kb8 35. f5 Ka7 36. Kc2 Kb8 37. Qe3 Rg8 38. Qe4 Rd8 39. a4 a5 40. Qf4 Kb7 41. Qxh6 Qe8 42. Qf4 Ka6 43. g5 Qh8 44. f6 Qh1 45. d7 Qa1 46. Qc1 Qa2+ 47. Qb2 Qxb2+ 48. Kxb2 Kb7 49. Kc2 Kc7 50. Kd3 1-0

[Event "Sebes Romanian Rapid op"]
[Site "Sebes"]
[Date "2022.12.02"]
[Round "3"]
[White "Arandjelovic, Aleksandar Z"]
[Black "Sfarlog, Tudor Vlad"]
[Result "1-0"]
[WhiteElo "1858"]
[BlackElo "2283"]
[PlyCount "73"]
[EventDate "2022.12.02"]
[EventType "swiss (rapid)"]
[EventRounds "8"]
[EventCountry "ROU"]
[SourceTitle "CBM 211 Extra"]
[Source "ChessBase"]
[SourceDate "2023.01.31"]
[SourceVersion "1"]
[SourceVersionDate "2023.01.31"]
[SourceQuality "1"]

1. d4 g6 2. c4 Bg7 3. Nc3 d6 4. e4 Nd7 5. f3 e5 6. Be3 Ngf6 7. d5 0-0 8. Nge2 Ne8 9. g4 f5 10. gxf5 gxf5 11. Qd2 Qh4+ 12. Bf2 Qe7 13. Ng3 Nc5 14. b4 Na6 15. a3 Qf7 16. Be2 Kh8 17. 0-0-0 f4 18. Nf5 Bxf5 19. exf5 Qxf5 20. Bd3 Qh5 21. Be4 Nf6 22. Qd3 Nxe4 23. Nxe4 Nb8 24. h4 Qf5 25. h5 Bh6 26. Rhg1 Nd7 27. Bh4 a5 28. b5 Nc5 29. Nxc5 dxc5 30. Qxf5 Rxf5 31. d6 cxd6 32. Rxd6 Bg7 33. h6 Bf8 34. Bf6+ Rxf6 35. Rxf6 Re8 36. a4 Rd8 37. Kc2 1-0

[Event "Kesarovski Georgiev Memorial 8th"]
[Site "Sunny Beach"]
[Date "2009.09.07"]
[Round "1"]
[White "Maneva, Ani"]
[Black "Sfarlog, Tudor Vlad"]
[Result "0-1"]
[WhiteElo "1951"]
[BlackElo "2286"]
[PlyCount "61"]
[EventDate "2009.09.07"]
[EventType "swiss"]
[EventRounds "9"]
[EventCountry "BUL"]
[SourceTitle "CBM 132 Extra"]
[Source "ChessBase"]
[SourceDate "2009.11.03"]
[SourceVersion "1"]
[SourceVersionDate "2009.11.03"]
[SourceQuality "1"]

1. e4 g6 2. Nc3 Bg7 3. Bc4 d6 4. d3 Nf6 5. f4 Nc6 6. Nge2 e5 7. 0-0 exf4 8. Bxf4 Be6 9. Bb5 Nh5 10. Be3 a6 11. Ba4 0-0 12. Bxc6 bxc6 13. Bd4 Bh6 14. Qe1 Rb8 15. Nd1 c5 16. Bc3 d5 17. Ng3 Qg5 18. Nxh5 Qxh5 19. exd5 Bxd5 20. Qf2 Qg5 21. Bf6 Qg4 22. h3 Qe6 23. Qxc5 Rb5 24. Qf2 Ba8 25. Bc3 Rg5 26. g4 Qc6 27. Kh2 f5 28. Rg1 fxg4 29. Qg2 g3+ 30. Kh1 Qxg2+ 31. Rxg2 0-1

[Event "Timisoara IM"]
[Site "Timisoara"]
[Date "2008.08.04"]
[Round "3"]
[White "Sfarlog, Tudor Vlad"]
[Black "Bogdan, Dan"]
[Result "1-0"]
[WhiteElo "2288"]
[BlackElo "2401"]
[PlyCount "79"]
[EventDate "2008.08.02"]
[EventType "tourn"]
[EventRounds "9"]
[EventCountry "ROU"]
[EventCategory "3"]
[SourceTitle "CBM 125 Extra"]
[Source "ChessBase"]
[SourceDate "2008.09.01"]
[SourceVersion "1"]
[SourceVersionDate "2008.09.01"]
[SourceQuality "1"]

1. Nf3 g6 2. c4 Bg7 3. Nc3 d6 4. d4 Nf6 5. e4 0-0 6. Be2 Nbd7 7. 0-0 e5 8. Re1 c6 9. Bf1 a5 10. d5 Ne8 11. dxc6 bxc6 12. Na4 Qe7 13. b3 Nc7 14. Ba3 c5 15. Nc3 Ne6 16. Nd5 Qd8 17. Qd2 Bb7 18. Red1 f5 19. Qc2 Rf7 20. Nc3 Qf8 21. Bd3 Kh8 22. Bc1 Nd4 23. Qd2 f4 24. Nb5 Nxb5 25. cxb5 Nf6 26. Qe2 Qe7 27. Bb2 h6 28. Nd2 Ne8 29. Bc4 Rf6 30. Bd5 g5 31. Nc4 g4 32. Qd3 g3 33. f3 gxh2+ 34. Kh1 Rg6 35. Bxb7 Qxb7 36. Qd5 Qxd5 37. Rxd5 Nc7 38. Rxd6 Rxd6 39. Nxd6 Kg8 40. a4 1-0

[Event "Wch U18"]
[Site "Kemer"]
[Date "2007.11.25"]
[Round "8"]
[White "Sfarlog, Tudor Vlad"]
[Black "Schwarhofer, Christopher"]
[Result "1/2-1/2"]
[WhiteElo "2265"]
[BlackElo "2186"]
[PlyCount "85"]
[EventDate "2007.11.18"]
[EventType "swiss"]
[EventRounds "11"]
[EventCountry "TUR"]
[SourceTitle "CBM 121 Extra"]
[Source "ChessBase"]
[SourceDate "2008.01.10"]
[SourceVersion "1"]
[SourceVersionDate "2008.01.10"]
[SourceQuality "1"]

1. Nf3 d6 2. d4 g6 3. c4 Bg7 4. Nc3 Nf6 5. e4 0-0 6. Be2 e5 7. 0-0 Nc6 8. d5 Ne7 9. b4 Nh5 10. Re1 f5 11. Ng5 Nf6 12. Bf3 c6 13. b5 cxd5 14. cxd5 h6 15. Ne6 Bxe6 16. dxe6 fxe4 17. Nxe4 Nxe4 18. Bxe4 d5 19. Ba3 dxe4 20. Qxd8 Rfxd8 21. Bxe7 Re8 22. Bc5 Rxe6 23. Rad1 a6 24. a4 Rc8 25. Rc1 Bf8 26. Be3 Ree8 27. g3 g5 28. Bb6 Kf7 29. bxa6 bxa6 30. Rxc8 Rxc8 31. Rxe4 Ke6 32. Kg2 Rc2 33. Re3 Rc4 34. a5 Bc5 35. Rb3 Kf5 36. Bxc5 Rxc5 37. Rb6 Rxa5 38. Rxh6 Ra2 39. Rh8 e4 40. Rf8+ Kg6 41. Re8 Kf5 42. Rf8+ Kg6 43. Re8 1/2-1/2

[Event "Wch U18"]
[Site "Kemer"]
[Date "2007.11.22"]
[Round "6"]
[White "Sfarlog, Tudor Vlad"]
[Black "Polatel, Levent"]
[Result "1/2-1/2"]
[WhiteElo "2265"]
[BlackElo "2009"]
[PlyCount "71"]
[EventDate "2007.11.18"]
[EventType "swiss"]
[EventRounds "11"]
[EventCountry "TUR"]
[SourceTitle "CBM 121 Extra"]
[Source "ChessBase"]
[SourceDate "2008.01.10"]
[SourceVersion "1"]
[SourceVersionDate "2008.01.10"]
[SourceQuality "1"]

1. Nf3 g6 2. c4 Bg7 3. Nc3 Nf6 4. d4 0-0 5. e4 d6 6. Be2 c6 7. 0-0 Qc7 8. h3 e5 9. Be3 Nbd7 10. Qc2 Re8 11. b4 d5 12. dxe5 Nxe4 13. cxd5 cxd5 14. Rac1 Qxc3 15. Qxc3 Nxc3 16. Rxc3 Nxe5 17. Rc2 Nxf3+ 18. Bxf3 Be6 19. Rd1 Red8 20. Bd4 Bxd4 21. Rxd4 Rd7 22. Kf1 Kg7 23. Ke2 Kf6 24. Ke3 Re8 25. Kd2 Ke5 26. Rh4 f6 27. Be2 Rf7 28. b5 Rc8 29. Rxc8 Bxc8 30. Ra4 b6 31. h4 Kd6 32. Ra3 Re7 33. Bd3 Rc7 34. g3 Bd7 35. Ke3 Be8 36. Kd4 1/2-1/2

[Event "ROM-ch"]
[Site "Amara"]
[Date "2007.02.22"]
[Round "8"]
[White "Chirila, Ioan Cristian"]
[Black "Sfarlog, Tudor Vlad"]
[Result "0-1"]
[WhiteElo "2323"]
[BlackElo "2183"]
[PlyCount "74"]
[EventDate "2007.02.16"]
[EventType "swiss"]
[EventRounds "9"]
[EventCountry "ROU"]
[SourceTitle "CBM 117 Extra"]
[Source "ChessBase"]
[SourceDate "2007.05.09"]
[SourceVersion "1"]
[SourceVersionDate "2007.05.09"]
[SourceQuality "1"]

1. e4 g6 2. d4 Bg7 3. Nf3 d6 4. Bc4 Nf6 5. Qe2 Nc6 6. h3 e5 7. dxe5 Nxe5 8. Nxe5 dxe5 9. 0-0 0-0 10. Nd2 Qe7 11. Nf3 h6 12. b3 Nh5 13. a4 Nf4 14. Qe3 Qf6 15. Bb2 Re8 16. Rfd1 h5 17. Bf1 Bf8 18. Qc3 Bd6 19. Qe3 b6 20. Nd2 Bc5 21. Qg3 h4 22. Qf3 Qg5 23. Kh2 Bb7 24. Bc4 Re7 25. Nf1 Kh7 26. g3 hxg3+ 27. fxg3 Nh5 28. Bd5 c6 29. Bc4 f5 30. exf5 gxf5 31. h4 Qg6 32. b4 e4 33. Qc3 Bf2 34. Be2 Rg8 35. Bxh5 Qxh5 36. Qf6 Rf7 37. Qe6 Bxg3+ 0-1

[Event "ROM-ch"]
[Site "Predeal"]
[Date "2006.12.05"]
[Round "9"]
[White "Murariu, Andrei"]
[Black "Sfarlog, Tudor Vlad"]
[Result "1-0"]
[WhiteElo "2516"]
[BlackElo "2161"]
[PlyCount "53"]
[EventDate "2006.11.27"]
[EventType "swiss"]
[EventRounds "11"]
[EventCountry "ROU"]
[SourceTitle "CBM 115 Extra"]
[Source "ChessBase"]
[SourceDate "2007.01.10"]
[SourceVersion "1"]
[SourceVersionDate "2007.01.10"]
[SourceQuality "1"]

1. e4 g6 2. d4 Bg7 3. Nf3 d6 4. Bc4 e6 5. Bb3 Ne7 6. c4 0-0 7. Nc3 Nd7 8. 0-0 e5 9. d5 f5 10. exf5 Nxf5 11. Bc2 Nf6 12. Rb1 h6 13. Ne4 Nxe4 14. Bxe4 Qe8 15. Qd3 Bd7 16. b4 Ne7 17. Be3 g5 18. Rfc1 Qh5 19. Nd2 Be8 20. c5 Ng6 21. cxd6 cxd6 22. Rc7 Rf4 23. Bxf4 Nxf4 24. Qf3 g4 25. Qe3 Bb5 26. Rxb7 a6 27. Nf1 1-0

[Event "EU-ch U16"]
[Site "Herceg Novi"]
[Date "2006.09.16"]
[Round "6"]
[White "Tvarijonas, Povilas"]
[Black "Sfarlog, Tudor Vlad"]
[Result "1-0"]
[WhiteElo "2202"]
[BlackElo "2120"]
[PlyCount "65"]
[EventDate "2006.09.10"]
[EventType "swiss"]
[EventRounds "9"]
[EventCountry "MNE"]
[SourceTitle "CBM 114 Extra"]
[Source "ChessBase"]
[SourceDate "2006.11.03"]
[SourceVersion "1"]
[SourceVersionDate "2006.11.03"]
[SourceQuality "1"]

1. e4 g6 2. d4 Bg7 3. g3 c5 4. dxc5 Qa5+ 5. c3 Qxc5 6. Bg2 Nf6 7. Ne2 0-0 8. 0-0 d6 9. Be3 Qc7 10. h3 Nc6 11. Nd2 e5 12. c4 Be6 13. Nc3 Nd7 14. Rc1 Nc5 15. Nf3 Qd7 16. Kh2 Rad8 17. b3 h6 18. Qe2 f5 19. exf5 gxf5 20. Rfd1 b6 21. Nb5 Qe7 22. Nh4 Ne4 23. Ng6 Qf7 24. Nxf8 Bxf8 25. Nc3 Qg6 26. Nxe4 fxe4 27. Qc2 Nb4 28. Bxe4 Qh5 29. Qd2 Bxh3 30. Kg1 Qg4 31. Bh1 h5 32. Qxb4 h4 33. Qe1 1-0

[Event "EU-ch U16"]
[Site "Herceg Novi"]
[Date "2006.09.12"]
[Round "3"]
[White "Sfarlog, Tudor Vlad"]
[Black "Martemianov, Iaroslav"]
[Result "1/2-1/2"]
[WhiteElo "2120"]
[BlackElo "2261"]
[PlyCount "47"]
[EventDate "2006.09.10"]
[EventType "swiss"]
[EventRounds "9"]
[EventCountry "MNE"]
[SourceTitle "CBM 114 Extra"]
[Source "ChessBase"]
[SourceDate "2006.11.03"]
[SourceVersion "1"]
[SourceVersionDate "2006.11.03"]
[SourceQuality "1"]

1. e4 c5 2. Nf3 a6 3. c4 d6 4. d4 cxd4 5. Nxd4 Nf6 6. Nc3 e6 7. Be2 Be7 8. 0-0 0-0 9. Be3 Nc6 10. Qd2 Bd7 11. f3 Rc8 12. Nxc6 Bxc6 13. Rac1 Qd7 14. b4 b5 15. cxb5 axb5 16. a4 bxa4 17. b5 Ba8 18. Nxa4 Rb8 19. Nb6 Qb7 20. Rc6 Nd7 21. Nxa8 Rxa8 22. f4 Rac8 23. Qc3 Nc5 24. Bxc5 1/2-1/2

[Event "Predeal op"]
[Site "Predeal"]
[Date "2006.08.15"]
[Round "5"]
[White "Slovineanu, Viacheslav"]
[Black "Sfarlog, Tudor Vlad"]
[Result "1-0"]
[WhiteElo "2423"]
[BlackElo "2120"]
[PlyCount "53"]
[EventDate "2006.08.12"]
[EventType "swiss"]
[EventRounds "9"]
[EventCountry "ROU"]
[SourceTitle "CBM 113 Extra"]
[Source "ChessBase"]
[SourceDate "2006.09.14"]
[SourceVersion "1"]
[SourceVersionDate "2006.09.14"]
[SourceQuality "1"]

1. e4 g6 2. d4 Bg7 3. Nc3 d6 4. g3 Nf6 5. Bg2 0-0 6. Nge2 Nbd7 7. h3 c5 8. Be3 Rb8 9. a4 b6 10. 0-0 a6 11. g4 cxd4 12. Bxd4 Bb7 13. Ng3 Qc7 14. Re1 Ne5 15. g5 Nfd7 16. Nd5 Bxd5 17. exd5 Rfe8 18. b3 f5 19. Ne2 Rbc8 20. f4 Nf7 21. c4 Nf8 22. Bxg7 Kxg7 23. Nd4 Nd8 24. Qd2 e5 25. dxe6 Ndxe6 26. Nxe6+ Nxe6 27. Qb2+ 1-0

[Event "Predeal op"]
[Site "Predeal"]
[Date "2006.08.12"]
[Round "1"]
[White "Olarasu, Gabriela"]
[Black "Sfarlog, Tudor Vlad"]
[Result "1-0"]
[WhiteElo "2222"]
[BlackElo "2120"]
[PlyCount "101"]
[EventDate "2006.08.12"]
[EventType "swiss"]
[EventRounds "9"]
[EventCountry "ROU"]
[SourceTitle "CBM 113 Extra"]
[Source "ChessBase"]
[SourceDate "2006.09.14"]
[SourceVersion "1"]
[SourceVersionDate "2006.09.14"]
[SourceQuality "1"]

1. d4 g6 2. c4 Bg7 3. e4 d6 4. Nc3 Nd7 5. Nf3 e5 6. Be2 Ngf6 7. 0-0 0-0 8. Re1 Re8 9. Bf1 c6 10. d5 c5 11. g3 Nf8 12. Nh4 h6 13. Ng2 N6h7 14. g4 f5 15. exf5 gxf5 16. gxf5 Bxf5 17. Bd3 Qd7 18. Bxf5 Qxf5 19. Ne4 Rad8 20. Ng3 Qf7 21. Nh4 Ng6 22. Nhf5 Ne7 23. Nxh6+ Bxh6 24. Bxh6 Qg6 25. Qh5 Qxh5 26. Nxh5 Nf5 27. Bd2 Kh8 28. Kh1 Nd4 29. Re4 Nf3 30. Bh6 Rg8 31. Re3 Nd4 32. Rg3 Nf5 33. Rxg8+ Rxg8 34. Be3 Rg4 35. b3 Kg8 36. Rg1 Rxg1+ 37. Kxg1 Kf7 38. Ng3 Kg6 39. Ne4 Nf6 40. Nxf6 Kxf6 41. Kg2 a5 42. Bd2 b6 43. Kf3 Nd4+ 44. Ke4 Ne2 45. h4 Kg6 46. Kf3 Nd4+ 47. Kg4 b5 48. cxb5 Nxb5 49. Bxa5 c4 50. bxc4 Na3 51. Bc7 1-0